Messung und Bewertung der Struktur von Rotorgarnen mit Hilfe der Bildverarbeitung /

Hlavní autor: Chung, Gi-Soo, 1964-
Korporativní autor: Universität Stuttgart. Fakultät Verfahrenstechnik und Technische Kybenetik
Jazyk: Němčina
Vydáno: Stuttgart : Universität Stuttgart, 2000
Témata:
Fyzický popis: 85 s. : il. ; 21 cm
Knihy
Uloženo v:
LEADER 01308nam a2200349 a 4500
001 000539982
003 CZ BrMZK
005 20090114104557.0
008 000115s2000 gw f m ger d
040 |a BOA001  |b cze 
072 7 |a 677  |x Textilní průmysl  |2 Konspekt  |9 19 
080 |a 62-253  |2 MRF 
080 |a 677.055  |2 MRF 
080 |a 621.397.7  |2 MRF 
080 |a (043.3)  |2 MRF 
080 |a (048.3)  |2 MRF 
100 1 |a Chung, Gi-Soo,  |d 1964-  |4 aut 
245 1 0 |a Messung und Bewertung der Struktur von Rotorgarnen mit Hilfe der Bildverarbeitung /  |c vorgelegt von Gi-Soo Chung 
260 |a Stuttgart :  |b Universität Stuttgart,  |c 2000 
300 |a 85 s. :  |b il. ;  |c 21 cm 
502 |a Disertace(Dr.-Ing.)-Universität Stuttgart, 2000 
504 |a Bibliografie na s. 78-85 
541 |a Stuttgart, Universitätsbibliothek 
650 0 7 |a rotory  |7 ph125235  |2 czenas 
650 0 7 |a pletací stroje  |7 ph378909  |2 czenas 
650 0 7 |a kamerové dohlížecí systémy  |7 ph153407  |2 czenas 
655 7 |a disertace  |7 fd132024  |2 czenas 
655 7 |a teze  |7 fd133701  |2 czenas 
710 2 |a Universität Stuttgart.  |b Fakultät Verfahrenstechnik und Technische Kybenetik 
910 |a BOA001  |b M2-1089.685 
990 |a BK 
996 7 |b 2610141677  |c M2-1089.685  |l MZK  |r Sklad / do 24 hodin  |n 0  |p vým  |w 000539982  |u 000010  |a 1  |e BOA001  |j MZK50  |s A